000 01490nam a2200265 a 4500
001 000047816
003 DO-SdBNP
005 20240418073804.0
007 ta
008 180822s2014 dr aoc fr 001 edspa d
020 _a9789945081138
040 _aDO-SdBNP
_bspa
_cBNPHU
082 4 _222
_bM385t
100 1 _aMartínez Almánzar, Juan Francisco
_975398
245 1 0 _aTratado de sociología general y jurídica /
_cJuan Francisco Martínez Almánzar.
260 _aSanto Domingo :
_b9 De Octubre,
_c2014
300 _a501,III p. ;
_c22 cm.
500 _aIncluye datos biográficos del autor en la solapa de la contracubierta.
505 0 _aCiencias, conocimientos y ciencias sociales --
_tSociedad y sociología --
_tSociología jurídica y derecho --
_tHumanización y religión --
_tMetodología de la investigación social --
_tSociología jurídica y distintas corrientes del pensamiento social --
_tCultura, grupos sociales y comportamiento colectivo --
_tAcción social, cambio social y desviación social --
_tEconomía, pobreza marginalidad y subdesarrollo
_tEstratificación y clases sociales --
_tSociología jurídica y los tipos de estructuras --
_tDerecho, neoliberalismo y globalización --
_tLa nación dominicana y reformas constitucionales --
_tProcesos políticos .
590 _aInventariado, 2018/VM
650 0 _aSociología
_zRepública Dominicana
_91061
650 4 _934584
_aCiencias Sociales
_xEnseñanza
_zRepública Dominicana
910 _aMFeliz
942 _2ddc
_cLBS1
999 _c47304
_d47304